MARC

LEADER 00000nam0a2200000 4500
001 265565
005 20231101233931.0
020 |a RU  |b 86-86088 
035 |a (RuTPU)RU\TPU\book\288567 
090 |a 265565 
100 |a 20140626d1986 m y0rusy5003 ca 
101 0 |a rus 
102 |a RU 
105 |a a j 001zy 
200 1 |a Радиоприемные устройства  |e учебник для вузов   |f Н. Н. Буга, А. И. Фалько, Н. И. Чистяков 
210 |a Москва  |c Радио и связь  |d 1986 
215 |a 320 с.  |c ил. 
320 |a Предм. указ.: с. 315-317. 
606 1 |a Радиоприемники  |2 stltpush  |3 (RuTPU)RU\TPU\subj\22951  |9 47623 
610 1 |a построение 
610 1 |a проектирование 
610 1 |a элементная база 
610 1 |a цифровые устройства 
610 1 |a входные цепи 
610 1 |a усилители 
610 1 |a радиосигналы 
610 1 |a преобразователи частоты 
610 1 |a детекторы 
610 1 |a радиопомехи 
610 1 |a учебники 
675 |a 621.396.62(075.8)  |z rus  |v 3 
700 1 |a Буга  |b Н. Н.  |g Николай Никитич 
701 1 |a Фалько  |b А. И.  |g Анатолий Иванович 
701 1 |a Чистяков  |b Н. И.  |g Николай Иосифович 
801 0 |a RU  |b RuMRKP  |c 19950704  |g psbo 
801 1 |a RU  |b 63413507  |c 20140626 
801 2 |a RU  |b 63413507  |c 20150629  |g RCR 
942 |c BK